MLB Rivalries & Their Series Names - Statistics

General Stats
  • This quiz has been taken 27 times
  • The average score is 6 of 13
Answer Stats
Hint Answer % Correct
New York Yankees vs. New York Mets Subway Series
96%
Cincinnati Reds vs. Cleveland Guardians Battle of Ohio
60%
Los Angeles Angels vs. Los Angeles Dodgers Freeway Series
56%
Chicago Cubs vs. Chicago White Sox Crosstown Classic
48%
Houston Astros vs. Texas Rangers Lone Star Showdown
48%
San Francisco Giants vs. Oakland Athletics Bay Bridge Series
44%
Baltimore Orioles vs. Washington Nationals Beltway Battle
44%
Chicago Cubs vs. Milwaukee Brewers I-94 Series
36%
St. Louis Cardinals vs. Kansas City Royals I-70 Series
32%
San Diego Padres vs. Seattle Mariners Vedder Cup
32%
Milwaukee Brewers vs. Minnesota Twins Border Battle
28%
Miami Marlins vs. Tampa Bay Rays Citrus Series
28%
Los Angeles Dodgers vs. San Diego Padres I-5 Series
24%
No matching quizzes found
Score Distribution
Percent of People with Each Score
Percentile by Number Answered
Your Score History
You have not taken this quiz